Statistics for Countries in Their Language

Click here to take the quiz!

General Stats

  • This quiz has been taken 21 times
  • The average score is 26 of 30

Answer Stats

Their LanguageEnglish% Correct
DanmarkDenmark
100%
EspañaSpain
100%
AzərbaycanAzerbaijan
95%
Česká republikaCzech Republic
95%
FranceFrance
95%
DeutschlandGermany
95%
日本Japan
95%
ҚазақстанKazakhstan
95%
LatvijaLatvia
95%
NederlandNetherlands
95%
PortugalPortugal
95%
РоссияRussia
95%
TürkmenistanTurkmenistan
95%
O'zbekistonUzbekistan
95%
Việt NamVietnam
95%
中國China
90%
中国China
90%
भारतIndia
90%
SverigeSweden
90%
УкраїнаUkraine
90%
ΕλλάδαGreece
86%
LëtzebuergLuxembourg
86%
ТочикистонTajikistan
81%
ÉireannIreland
76%
ประเทศไทยThailand
76%
বাংলাদেশBangladesh
67%
नेपालNepal
67%
இலங்கைSri Lanka
67%
МонголMongolia
57%
မြန်မာMyanmar
48%

Score Distribution

Percentile by Number Answered

Percent of People with Each Score

Your Score History

You have not taken this quiz